[Event "Oberliga Nord O 0506"]
[Site "Germany"]
[Date "2006.04.02"]
[Round "9.4"]
[White "Schulz, Karsten"]
[Black "Chatzidakis, Mihail"]
[Result "1/2-1/2"]
[WhiteElo "2314"]
[BlackElo "2290"]
[PlyCount "29"]
[EventDate "2005.10.23"]
[EventType "team-tourn"]
[EventRounds "9"]
[EventCountry "GER"]
[SourceTitle "EXT 2007"]
[Source "ChessBase"]
[SourceDate "2006.11.23"]
[SourceVersion "1"]
[SourceVersionDate "2006.11.23"]
[SourceQuality "1"]
[WhiteTeam "Cottbus"]
[BlackTeam "Berlin II"]
[WhiteTeamCountry "GER"]
[BlackTeamCountry "GER"]

1. g3 g6 2. Bg2 Bg7 3. c4 e5 4. Nc3 Nc6 5. d3 d6 6. e3 Nf6 7. Nge2 0-0 8. 0-0 Ne7 9. d4 exd4 10. Nxd4 d5 11. cxd5 Nfxd5 12. Nxd5 Nxd5 13. Qb3 Nb6 14. Rd1 Qe7 15. Bd2 1/2-1/2

[Event "GRE-chT 34th"]
[Site "Ermioni Argolidas"]
[Date "2005.07.11"]
[Round "9"]
[White "Chatzidakis, Mihail"]
[Black "Kotrotsos, Vasilios"]
[Result "1/2-1/2"]
[WhiteElo "2271"]
[BlackElo "2356"]
[PlyCount "102"]
[EventDate "2005.07.04"]
[EventType "team"]
[EventRounds "9"]
[EventCountry "GRE"]
[SourceTitle "CBM 107 Extra"]
[Source "ChessBase"]
[SourceDate "2005.09.01"]
[SourceVersion "1"]
[SourceVersionDate "2005.09.01"]
[SourceQuality "1"]

1. e4 d6 2. d4 Nf6 3. Nc3 g6 4. g3 Bg7 5. Bg2 0-0 6. Nge2 Nbd7 7. 0-0 c5 8. h3 Rb8 9. a4 b6 10. b3 a6 11. Bb2 cxd4 12. Nxd4 Bb7 13. Qe2 e6 14. Rfd1 Qc8 15. Qe3 Rd8 16. Rd2 Nc5 17. a5 b5 18. b4 Ncd7 19. f4 e5 20. Nde2 exf4 21. gxf4 Re8 22. Rb1 Qc7 23. Qd3 Rbc8 24. Qxd6 Qxd6 25. Rxd6 Bf8 26. Rd4 Nb8 27. e5 Bxg2 28. Kxg2 Nc6 29. exf6 Nxd4 30. Nxd4 Bxb4 31. Nd5 Bc5 32. Kf3 Bxd4 33. Bxd4 Rxc2 34. Ne7+ Kh8 35. f5 Rd8 36. fxg6 hxg6 37. Rb4 Rc4 38. Ke4 Kh7 39. Rxc4 bxc4 40. Nc6 Rd6 41. Nb4 g5 42. Be5 Rd7 43. Bd4 Rd6 44. Ke5 Re6+ 45. Kd5 Kg6 46. Kxc4 Kh5 47. Kd5 Kg6 48. Be5 Re8 49. Nc6 Kh5 50. Ke4 Rc8 51. Kd5 Re8 1/2-1/2